[Event "Titled Tue 26th Aug Late"]
[Site "chess.com INT"]
[Date "2025.08.26"]
[Round "2"]
[White "Krzywda, Andrzej"]
[Black "Gerbelli Neto, Eduardo"]
[Result "1-0"]
[WhiteTitle "CM"]
[WhiteElo "2149"]
[BlackElo "2114"]
[WhiteFideId "1114565"]
[BlackFideId "2103281"]
[EventDate "2025.08.26"]

1. e4 e5 2. Nf3 Nc6 3. Nc3 Nf6 4. Nd5 Nxe4 5. d4 d6 6. Bb5 a6 7. Bxc6+ bxc6 8.
Nb4 Bb7 9. Qe2 c5 10. dxc5 dxc5 11. Nd3 Bd6 12. Ndxe5 O-O 13. O-O Re8 14. Bf4
Qf6 15. g3 g5 16. Ng4 Qg6 17. Be5 h5 18. Bxd6 hxg4 19. Bxc7 gxf3 20. Qc4 Nd2 21.
Qxc5 Nxf1 22. Rxf1 Qe6 23. Qxg5+ Qg6 24. Qh4 Re6 25. Bf4 Rae8 26. Bd2 Re2 27.
Bc3 f6 28. Bxf6 Qh7 29. Qg5+ Kf7 30. Bc3 Qg6 31. Qf4+ Kg8 32. Qc4+ Qe6 33. Qh4
Re5 34. Qh8+ Kf7 35. Qh7+ Kf8 36. Qxb7 Re7 37. Qxf3+ Rf7 38. Qa8+ Qe8 39. Bb4+
Kg7 40. Qg2 Re2 41. Bc3+ Kg6 42. h4 Qe6 43. h5+ Kh7 44. g4 Qe4 45. g5 Qxg2+ 46.
Kxg2 Rxc2 47. Bd4 Kg8 48. g6 Rf4 49. Bc3 Ra4 50. h6 Rg4+ 51. Kh3 Rxg6 52. Re1
Rxh6+ 53. Kg2 Kf7 54. Kf3 Rh2 55. Rf1 Ke6 56. Kg3 Rh7 57. a3 Kd5 58. Kf3 Kc4 59.
Ke3 Rf7 60. f4 Kb3 61. Ke4 a5 62. Ke5 a4 63. Ke6 Rh7 64. f5 Re2+ 65. Be5 Rh8 66.
Kf6 Rf8+ 67. Kg7 Re8 68. Bc3 Rg2+ 69. Kf7 Ree2 70. f6 Rgf2 71. Rxf2 Rxf2 72. Ke7
Re2+ 73. Kd6 Rf2 74. Ke7 Re2+ 75. Kf8 Rf2 76. f7 Kc4 77. Ke7 Re2+ 78. Kd6 Rf2
79. Ke7 Re2+ 80. Kf6 Rf2+ 81. Ke6 Re2+ 82. Be5 Rf2 83. Bf6 Re2+ 84. Kd7 Rd2+ 85.
Kc6 Rf2 86. f8=Q Rf5 87. Qb4+ Kd3 88. Qc3+ Ke2 89. Qd4 Rf3 90. Qe4+ Re3 91.
Qxe3+ Kxe3 92. Bc3 Kd3 93. Kb5 Kc2 94. Kxa4 1-0

[Event "Titled Tue 26th Aug Late"]
[Site "chess.com INT"]
[Date "2025.08.26"]
[Round "2"]
[White "Livaic, Leon"]
[Black "Reprintsev, Alexander"]
[Result "1/2-1/2"]
[WhiteTitle "GM"]
[BlackTitle "IM"]
[WhiteElo "2550"]
[BlackElo "2256"]
[WhiteFideId "14531534"]
[BlackFideId "14100541"]
[EventDate "2025.08.26"]

1. d4 d5 2. c4 e5 3. e3 exd4 4. exd4 Nf6 5. Nc3 Nc6 6. Nf3 Bb4 7. Be2 dxc4 8.
Bxc4 Qe7+ 9. Be3 Bg4 10. h3 Bxf3 11. Qxf3 Nxd4 12. Qxb7 O-O 13. O-O Nc2 14. Bg5
Bxc3 15. Rac1 Rab8 16. Qc6 Rxb2 17. Bd3 Nb4 18. Qxc3 Nxd3 19. Qxd3 Rxa2 20. Rfe1
Qd6 21. Qc4 Qd5 22. Bxf6 Qxc4 23. Rxc4 gxf6 24. Rg4+ Kh8 25. Re7 Rc2 26. Ra4 Kg7
27. Rxa7 Rc8 28. g3 h5 29. h4 Rc5 30. Kg2 Kg6 31. Rd7 Rc3 32. Ra6 Rc5 33. Rd4
Re5 34. Rc6 Re6 35. Rc5 c6 36. Rf4 Re5 37. Rc3 c5 38. Ra4 Re6 39. Rcc4 Rc7 40.
Ra5 Re5 41. Kf3 Rf5+ 42. Ke3 Re5+ 43. Kf3 Rf5+ 44. Kg2 Re5 45. Ra8 Kg7 46. Rd8
Rc6 47. Rd7 Kg6 48. Kf3 Rf5+ 49. Ke3 Re5+ 50. Kd3 Rf5 51. Ke3 Re5+ 52. Kf3 Rf5+
53. Kg2 Re5 54. Rd3 Re7 55. Rd2 Re5 56. Kf3 Rf5+ 57. Kg2 Re5 58. Ra2 Rd5 59.
Rac2 Kg7 60. Rf4 Kg6 61. Rc3 Rf5 62. Rfc4 Rd5 63. Kh3 Kg7 64. g4 hxg4+ 65. Rxg4+
Kh6 66. Rcg3 Rc8 67. Rf4 Rc6 68. Rc4 Rd4 69. Rc1 c4 70. Rgc3 Kg6 71. Rg3+ Kf5
72. h5 Rc8 73. Rf3+ Kg5 74. Rg1+ Kxh5 75. Rf5+ Kh6 76. Rxf6+ Kh5 77. Rf5+ Kh6
78. Rf6+ Kh5 79. Rf5+ Kh6 80. Rxf7 Rd5 81. Rf6+ Kh7 82. Rf4 Rh5+ 83. Kg4 Rh6 84.
Rf7+ Kh8 85. Rc1 c3 86. Rc2 Rc4+ 87. Rf4 Rxf4+ 88. Kxf4 Rc6 89. Ke5 Kg7 90. Kd4
Kf6 91. Rxc3 Rxc3 92. Kxc3 Kf5 93. Kd3 Kf4 94. Kd2 Kf3 95. Ke1 Kf4 96. Ke2 Ke4
97. f3+ Kf4 98. Kf2 Kf5 99. Kg3 Kg5 100. f4+ Kf5 101. Kf3 Kf6 102. Ke4 Ke6 103.
f5+ Kf6 104. Kf4 Kf7 105. Kg5 Kg7 106. f6+ Kf7 107. Kf5 Kf8 108. Ke6 Ke8 109.
Ke5 Kf7 110. Kf5 Kf8 111. Kg6 Kg8 112. f7+ Kf8 113. Kf6 1/2-1/2

[Event "Titled Tue 26th Aug Late"]
[Site "chess.com INT"]
[Date "2025.08.26"]
[Round "2"]
[White "Kleimenov, Nikolay"]
[Black "Bluebaum, Matthias"]
[Result "1-0"]
[WhiteTitle "CM"]
[BlackTitle "GM"]
[WhiteElo "2244"]
[BlackElo "2660"]
[WhiteFideId "34414223"]
[BlackFideId "24651516"]
[EventDate "2025.08.26"]

1. e4 e6 2. d4 d5 3. Nc3 Nf6 4. e5 Nfd7 5. f4 c5 6. Nf3 Nc6 7. Be3 Rb8 8. Qd2
Qa5 9. Be2 b5 10. a4 b4 11. Nb5 c4 12. O-O a6 13. Nd6+ Bxd6 14. exd6 f5 15. Qe1
O-O 16. Qh4 Nf6 17. Ne5 Nd8 18. Rf3 Qb6 19. Rh3 Qxd6 20. g4 fxg4 21. Nxg4 Rb7
22. Kh1 Kh8 23. Rg1 Qe7 24. Ne5 Kg8 25. Ng4 Kh8 26. Ne5 Kg8 27. Ng4 Kf7 28. Nxf6
Qxf6 29. Qxh7 Ke8 30. Bh5+ Kd7 31. Rxg7+ Kc6 32. Rxb7 Nxb7 33. Rg3 Nd6 34. Rg7
Kb6 35. a5+ Kb5 36. Rc7 Qf5 37. Rc5+ Ka4 38. Qxf5 Nxf5 39. Bf2 Bd7 40. Bd1 Bb5
41. c3+ b3 42. Bg4 Kxa5 43. Bxf5 Rxf5 44. Be3 Kb6 45. Rc8 a5 46. Rb8+ Ka6 47.
Ra8+ Kb6 48. Rb8+ Kc6 49. Ra8 a4 50. Kg2 Kb7 51. Ra5 Kb6 52. Ra8 Ba6 53. Bc1 Rf7
54. Re8 Rg7+ 55. Kf2 Rg6 56. Rf8 Rh6 57. Kg3 Rh7 58. h4 Rg7+ 59. Kf2 Rg4 60. Rh8
Bb5 61. Rh6 Ka5 62. Rh8 Bd7 63. Ra8+ Kb6 64. Rb8+ Kc7 65. Rh8 Kd6 66. h5 Rh4 67.
h6 Rh1 68. h7 a3 69. bxa3 Ke7 70. Bb2 Kd6 71. a4 Ke7 72. Ba3+ Kf7 73. Rf8+ Kg7
74. h8=Q+ Rxh8 75. Rxh8 Kxh8 76. a5 Bb5 77. Kg3 Kg7 78. Kg4 Kf6 79. Bb2 Ba6 80.
Ba3 Bc8 81. Kg3 Kf5 82. Kf3 Bb7 83. Bb2 Ba6 84. Ba3 Bb5 85. Bb2 Kg6 86. Ba3 Kh5
87. Kg3 Ba6 88. Bb2 Bb7 89. Ba3 Kg6 90. Bb2 Kf7 91. Kf3 Ke7 92. Kg4 Kd6 93. Kg5
Kc6 94. f5 Bc8 95. f6 e5 96. f7 exd4 97. f8=Q dxc3 98. Bxc3 Bd7 99. Bd4 Kb5 100.
Qc5+ Ka4 101. Bc3 b2 102. Qb4# 1-0

[Event "Titled Tue 26th Aug Late"]
[Site "chess.com INT"]
[Date "2025.08.26"]
[Round "3"]
[White "Popov, Tikhon"]
[Black "Aravindh, Chithambaram VR."]
[Result "0-1"]
[WhiteTitle "FM"]
[BlackTitle "GM"]
[WhiteElo "2335"]
[BlackElo "2723"]
[WhiteFideId "24252026"]
[BlackFideId "5072786"]
[EventDate "2025.08.26"]

1. e4 c5 2. Nf3 Nc6 3. d4 cxd4 4. Nxd4 Nf6 5. Nc3 h5 6. Bg5 Qa5 7. Bxf6 gxf6 8.
Nb3 Qe5 9. g3 e6 10. f4 Qc7 11. Qd2 h4 12. Bg2 a6 13. O-O-O b5 14. e5 fxe5 15.
fxe5 Bh6 0-1

[Event "Titled Tue 26th Aug Late"]
[Site "chess.com INT"]
[Date "2025.08.26"]
[Round "3"]
[White "Hua, Lefong"]
[Black "Livaic, Leon"]
[Result "0-1"]
[WhiteTitle "FM"]
[BlackTitle "GM"]
[WhiteElo "2305"]
[BlackElo "2550"]
[WhiteFideId "2602253"]
[BlackFideId "14531534"]
[EventDate "2025.08.26"]

1. d4 d6 2. e4 Nf6 3. f3 e6 4. c4 Be7 5. Nc3 O-O 6. f4 c5 7. d5 exd5 8. cxd5 Re8
9. Be2 Bf8 10. Qc2 Nxe4 11. Nf3 Bf5 12. Nxe4 Bxe4 13. Qd1 Bxf3 14. gxf3 Qh4+ 15.
Kf1 Qh3+ 16. Kf2 Be7 0-1

[Event "Titled Tue 26th Aug Late"]
[Site "chess.com INT"]
[Date "2025.08.26"]
[Round "3"]
[White "Bonin, Jay"]
[Black "Alazmi, Amani"]
[Result "1-0"]
[WhiteTitle "IM"]
[BlackTitle "WCM"]
[WhiteElo "2077"]
[BlackElo "1745"]
[WhiteFideId "2000644"]
[BlackFideId "10303553"]
[EventDate "2025.08.26"]

1. d4 d5 2. c3 Nf6 3. Bg5 h6 4. Bxf6 exf6 5. e3 c6 6. Bd3 Bd6 7. Nd2 Be6 8. Qf3
Qd7 9. h3 Qc7 10. Ne2 Nd7 11. O-O-O a5 12. Kb1 a4 13. e4 Qb6 14. exd5 Ba3 15.
Nc4 Bxd5 16. Qe3+ 1-0

[Event "Titled Tue 26th Aug Late"]
[Site "chess.com INT"]
[Date "2025.08.26"]
[Round "3"]
[White "Almagro Mazariegos, Sebastian"]
[Black "Henderson de La Fuente, Andrea"]
[Result "1-0"]
[WhiteTitle "FM"]
[BlackTitle "WFM"]
[WhiteElo "2259"]
[BlackElo "2013"]
[WhiteFideId "2221640"]
[BlackFideId "32096577"]
[EventDate "2025.08.26"]

1. d4 d6 2. Nf3 Nf6 3. g3 g6 4. Bg2 Bg7 5. O-O O-O 6. c4 Bf5 7. b3 e5 8. dxe5
dxe5 9. Bb2 e4 10. Nd4 Nfd7 11. Nc3 Qe7 12. Nd5 Qd6 13. Nb5 1-0

[Event "Titled Tue 26th Aug Late"]
[Site "chess.com INT"]
[Date "2025.08.26"]
[Round "3"]
[White "Winter Atwell, Adrian"]
[Black "Silva, Luca"]
[Result "0-1"]
[WhiteTitle "FM"]
[BlackTitle "FM"]
[WhiteElo "2090"]
[BlackElo "2214"]
[WhiteFideId "7700750"]
[BlackFideId "147370"]
[EventDate "2025.08.26"]

1. e4 c5 2. Nf3 Nc6 3. d4 cxd4 4. c3 dxc3 5. Nxc3 e6 6. Bc4 a6 7. O-O b5 8. Bb3
Bb7 9. Qe2 Nge7 10. Bf4 Ng6 11. Bg3 Be7 12. Rfd1 O-O 13. e5 Na5 14. Bc2 Rc8 15.
h4 Bxf3 16. gxf3 Bxh4 17. Ne4 Nc4 18. Nd6 Nxd6 19. Rxd6 Bxg3 20. fxg3 Qg5 21.
Kg2 Nf4+ 0-1

[Event "Titled Tue 26th Aug Late"]
[Site "chess.com INT"]
[Date "2025.08.26"]
[Round "3"]
[White "Bogaudinov, Rushan"]
[Black "Loftgaard, Mikkel Vinh"]
[Result "1-0"]
[WhiteTitle "FM"]
[BlackTitle "FM"]
[WhiteElo "1912"]
[BlackElo "2281"]
[WhiteFideId "4129288"]
[BlackFideId "1468480"]
[EventDate "2025.08.26"]

1. d4 Nf6 2. g3 d5 3. Bg2 e6 4. Nf3 c5 5. O-O Nc6 6. c3 Be7 7. dxc5 Bxc5 8. b4
Bb6 9. Bb2 O-O 10. a4 a6 11. Nbd2 Ne4 12. e3 Nxd2 13. Nxd2 Bd7 14. Qb3 Rc8 15.
c4 dxc4 16. Nxc4 Bc7 17. Rfd1 Qe7 18. b5 Na5 19. Nxa5 Bxa5 20. Ba3 Qf6 21. Bxf8
Kxf8 22. Bxb7 Rc3 23. Qb1 Be8 24. bxa6 Bb6 25. Qxb6 Rc2 26. Rf1 Rxf2 27. Rxf2
Qxa1+ 28. Kg2 Qxa4 29. a7 1-0

[Event "Titled Tue 26th Aug Late"]
[Site "chess.com INT"]
[Date "2025.08.26"]
[Round "3"]
[White "Zampronha, Wladimir Camilo"]
[Black "Ferreira, Vitor Hugo Vieira"]
[Result "1/2-1/2"]
[WhiteElo "2157"]
[BlackElo "2128"]
[WhiteFideId "2103087"]
[BlackFideId "2119765"]
[EventDate "2025.08.26"]

1. e4 c5 2. Nf3 d6 3. d4 cxd4 4. Nxd4 Nf6 5. Nc3 a6 6. Bg5 e6 7. f4 Be7 8. Qf3
h6 9. Bh4 Qc7 10. O-O-O Nbd7 11. Bd3 g5 12. e5 gxh4 13. exf6 Nxf6 14. f5 e5 15.
Nde2 Bd7 16. Be4 O-O-O 17. Nd5 Nxd5 18. Bxd5 Bg5+ 19. Kb1 Bc6 20. Nc3 Rhe8 21.
Ne4 f6 22. Rd3 Kb8 23. Rhd1 Bb5 24. Rc3 Qb6 25. Rb3 Qc7 26. Rc3 Qa5 27. Ra3 Qc7
28. Rc3 1/2-1/2

[Event "Titled Tue 26th Aug Late"]
[Site "chess.com INT"]
[Date "2025.08.26"]
[Round "3"]
[White "Pniaczek, Marek"]
[Black "Sailer, Mike"]
[Result "1-0"]
[WhiteTitle "FM"]
[WhiteElo "2188"]
[BlackElo "2108"]
[WhiteFideId "21800421"]
[BlackFideId "2012901"]
[EventDate "2025.08.26"]

1. d4 d5 2. Nf3 Nf6 3. e3 Bf5 4. c4 e6 5. Qb3 Nc6 6. cxd5 exd5 7. Qxb7 Bb4+ 8.
Bd2 Bxd2+ 9. Nbxd2 Bd7 10. Bb5 Rb8 11. Qa6 Nb4 12. Bxd7+ Qxd7 13. Qxa7 O-O 14.
O-O Rb6 15. Ne5 Qd6 16. Rfc1 Nd3 17. Nxd3 1-0

[Event "Titled Tue 26th Aug Late"]
[Site "chess.com INT"]
[Date "2025.08.26"]
[Round "3"]
[White "Fieberg, Samuel"]
[Black "Szpar, Milosz"]
[Result "0-1"]
[WhiteTitle "FM"]
[BlackTitle "GM"]
[WhiteElo "2157"]
[BlackElo "2490"]
[WhiteFideId "12901717"]
[BlackFideId "1184989"]
[EventDate "2025.08.26"]

1. e4 e6 2. d4 d5 3. exd5 exd5 4. Nf3 Nf6 5. Bd3 c5 6. dxc5 Bxc5 7. O-O O-O 8.
h3 Nc6 9. Nbd2 Bb6 10. Nb3 Ne4 11. c4 Nxf2 12. Rxf2 Bxf2+ 13. Kxf2 dxc4 14.
Bxh7+ Kxh7 15. Ng5+ Kg6 16. Qc2+ Qd3 17. Qxd3+ cxd3 18. Nc5 Rd8 19. Bd2 b6 20.
Nce4 Bf5 21. Ng3 f6 22. Nf3 Be6 23. Re1 Kf7 24. Ne4 Bxa2 25. Bc3 Bd5 26. Ned2 b5
27. b4 a5 28. Rc1 axb4 29. Bb2 Ra2 0-1

[Event "Titled Tue 26th Aug Late"]
[Site "chess.com INT"]
[Date "2025.08.26"]
[Round "3"]
[White "Arnold, Rhys"]
[Black "Robert, Yoann"]
[Result "1-0"]
[WhiteTitle "FM"]
[BlackTitle "CM"]
[WhiteElo "2269"]
[BlackElo "2169"]
[WhiteFideId "1068849"]
[BlackFideId "36018805"]
[EventDate "2025.08.26"]

1. e4 c5 2. Nf3 Nc6 3. d4 cxd4 4. Nxd4 Nf6 5. Nc3 e5 6. Ndb5 d6 7. Bg5 a6 8. Na3
Be6 9. Nc4 Rc8 10. Ne3 Be7 11. Bd3 O-O 12. Bxf6 Bxf6 13. Ncd5 Bg5 14. c3 Ne7 15.
Nxe7+ Qxe7 16. O-O Bxe3 17. fxe3 Qg5 18. Qf3 Rc6 19. Rf2 h5 20. h3 h4 21. Bc2
Rb6 22. Bd3 Rc8 23. a3 Rb3 24. Rd1 Rc6 25. Bb1 Rcb6 26. Ba2 Rxb2 27. Bxe6 fxe6
28. Rxb2 Rxb2 29. Rxd6 Qg3 30. Rd8+ Kh7 31. Qh5# 1-0

[Event "Titled Tue 26th Aug Late"]
[Site "chess.com INT"]
[Date "2025.08.26"]
[Round "3"]
[White "Krzywda, Andrzej"]
[Black "Atakhan, Abtin"]
[Result "0-1"]
[WhiteTitle "CM"]
[BlackTitle "IM"]
[WhiteElo "2149"]
[BlackElo "2388"]
[WhiteFideId "1114565"]
[BlackFideId "22502203"]
[EventDate "2025.08.26"]

1. e4 e5 2. Nf3 Nc6 3. d4 exd4 4. Bc4 Nf6 5. e5 d5 6. Bb5 Nd7 7. O-O Be7 8. Bf4
O-O 9. Re1 Ndb8 10. Nxd4 Nxd4 11. Qxd4 c5 12. Qd2 c4 13. Nc3 a6 14. Qxd5 axb5
15. Qxb5 Nc6 16. Rad1 Qa5 17. Qxc4 Be6 18. Qe2 Rfd8 19. a3 Rxd1 20. Rxd1 Bxa3
21. Ra1 Qb4 22. Bc1 Ra6 23. Nb5 Bxb2 24. Bxb2 Rxa1+ 25. Bxa1 Qb1+ 26. Qf1 Qxf1+
27. Kxf1 Bc4+ 0-1

[Event "Titled Tue 26th Aug Late"]
[Site "chess.com INT"]
[Date "2025.08.26"]
[Round "3"]
[White "Jin, Ashton"]
[Black "Marn, Jan"]
[Result "1-0"]
[BlackTitle "FM"]
[WhiteElo "2196"]
[BlackElo "2378"]
[WhiteFideId "30931908"]
[BlackFideId "14619245"]
[EventDate "2025.08.26"]

1. d4 d5 2. Nf3 c6 3. Bf4 Nf6 4. e3 Qb6 5. Qc1 Bf5 6. c4 e6 7. Nc3 Nbd7 8. Be2
Be7 9. O-O O-O 10. Nd2 Rac8 11. c5 Qd8 12. b4 b6 13. Ba6 bxc5 14. bxc5 e5 15.
dxe5 Nh5 16. Bxc8 Qxc8 17. Nb3 Nxf4 18. exf4 Nxc5 19. Nd4 Bd3 20. Rd1 Bc4 21.
Rb1 Ne6 22. Nf5 Bc5 23. Ne4 Bb6 24. Ne7+ 1-0

[Event "Titled Tue 26th Aug Late"]
[Site "chess.com INT"]
[Date "2025.08.26"]
[Round "3"]
[White "Azamikia, Mehran"]
[Black "Ugarte Soto, Cesar"]
[Result "1-0"]
[WhiteTitle "CM"]
[BlackTitle "CM"]
[WhiteElo "2130"]
[BlackElo "2088"]
[WhiteFideId "12502502"]
[BlackFideId "3601331"]
[EventDate "2025.08.26"]

1. e4 c5 2. Nf3 d6 3. Nc3 a6 4. a4 g6 5. d4 cxd4 6. Nxd4 Bg7 7. Be3 Bd7 8. Be2
Nc6 9. O-O Nf6 10. Bf3 O-O 11. Nd5 Nxd5 12. exd5 Ne5 13. Be2 Rc8 14. b3 h5 15.
h3 Be8 16. f4 Nd7 17. f5 Nf6 18. fxg6 Nxd5 19. Bf2 fxg6 20. Ne6 Rxf2 21. Nxd8
Rxf1+ 22. Bxf1 Ne3 23. Qe1 Rxd8 24. Qxe3 Bxa1 25. Qxe7 Rc8 26. Bc4+ Kh8 27. Qf8+
Kh7 28. Bg8+ Kh8 29. Be6+ Kh7 30. Bxc8 Bc6 31. Bxb7 Bd4+ 32. Kh1 Bg7 33. Qf7 1-0

[Event "Titled Tue 26th Aug Late"]
[Site "chess.com INT"]
[Date "2025.08.26"]
[Round "3"]
[White "Bulgak, Damir"]
[Black "Subervi, Jonathan Sigfredo"]
[Result "1-0"]
[WhiteTitle "CM"]
[BlackTitle "FM"]
[WhiteElo "2254"]
[BlackElo "2007"]
[WhiteFideId "13528882"]
[BlackFideId "6400345"]
[EventDate "2025.08.26"]

1. e4 e6 2. d4 d5 3. Nd2 Nf6 4. e5 Nfd7 5. f4 c5 6. c3 b6 7. Ndf3 Ba6 8. Ne2 Be7
9. Be3 Nc6 10. a3 O-O 11. h3 Rc8 12. g3 f6 13. h4 fxe5 14. dxe5 Qe8 15. Bh3 Nd8
16. Qb1 h6 17. Ng5 hxg5 18. hxg5 Bxe2 19. Bxe6+ Nxe6 20. Qh7+ Kf7 21. g6# 1-0

[Event "Titled Tue 26th Aug Late"]
[Site "chess.com INT"]
[Date "2025.08.26"]
[Round "3"]
[White "Maria, Lia-Alexandra"]
[Black "Rossi, Maximiliano"]
[Result "0-1"]
[WhiteTitle "WFM"]
[WhiteElo "2092"]
[BlackElo "2013"]
[WhiteFideId "1248952"]
[BlackFideId "113425"]
[EventDate "2025.08.26"]

1. e4 Nf6 2. e5 Nd5 3. c4 Nb6 4. d4 d6 5. exd6 cxd6 6. Nf3 g6 7. Be2 Bg7 8. O-O
O-O 9. Nc3 Bg4 10. b3 Nc6 11. Be3 d5 12. c5 Nc8 13. Rc1 e6 14. a3 N8e7 15. h3
Bxf3 16. Bxf3 Nf5 17. Ne2 Qf6 18. g4 Nfxd4 19. Nxd4 Nxd4 20. Bg2 Nc6 21. b4 a6
22. f4 Qb2 23. Qd3 Bd4 24. Bf2 Bxf2+ 0-1

[Event "Titled Tue 26th Aug Late"]
[Site "chess.com INT"]
[Date "2025.08.26"]
[Round "3"]
[White "Atanasov, Anthony"]
[Black "Caruana, Fabiano"]
[Result "0-1"]
[WhiteTitle "IM"]
[BlackTitle "GM"]
[WhiteElo "2411"]
[BlackElo "2784"]
[WhiteFideId "2623897"]
[BlackFideId "2020009"]
[EventDate "2025.08.26"]

1. d4 Nf6 2. Nf3 b6 3. Bf4 Bb7 4. c3 e6 5. Nbd2 Nh5 6. Bg5 Be7 7. Bxe7 Qxe7 8.
g3 O-O 9. Bg2 f5 10. O-O Nf6 11. Qc2 d6 12. Nh4 Bxg2 13. Nxg2 d5 14. a4 c5 15.
e3 Nc6 16. Qd3 e5 17. Rfe1 e4 18. Qb5 Rac8 19. dxc5 bxc5 20. Nb3 Ne5 21. Red1
Nd3 22. Nc1 Rb8 23. Qc6 Rb6 0-1

[Event "Titled Tue 26th Aug Late"]
[Site "chess.com INT"]
[Date "2025.08.26"]
[Round "3"]
[White "Estrada Nieto, Julian"]
[Black "Hovhannisyan, Hrayr"]
[Result "1-0"]
[WhiteTitle "IM"]
[BlackTitle "CM"]
[WhiteElo "2182"]
[BlackElo "2203"]
[WhiteFideId "5101018"]
[BlackFideId "13308017"]
[EventDate "2025.08.26"]

1. e4 c6 2. d4 d5 3. Nc3 dxe4 4. Nxe4 Nd7 5. Nf3 Ngf6 6. Nxf6+ Nxf6 7. Ne5 Bf5
8. Bc4 e6 9. O-O Bd6 10. c3 Qc7 11. Re1 h6 12. Qf3 Bxe5 13. dxe5 Nd5 14. Qg3 g5
15. Bb3 O-O-O 16. Bd2 Rdg8 17. c4 Ne7 18. Qe3 b6 19. a4 Kb7 20. a5 Nc8 21. axb6
axb6 22. Bd1 Ne7 23. Bb4 c5 24. Bf3+ Nc6 25. Bxc5 bxc5 26. Qxc5 Qb6 27. Bxc6+
Qxc6 28. Ra7+ Kb8 29. Qxc6 1-0

[Event "Titled Tue 26th Aug Late"]
[Site "chess.com INT"]
[Date "2025.08.26"]
[Round "3"]
[White "Tureshbayev, Anuar"]
[Black "Germanovs, Georgijs"]
[Result "0-1"]
[WhiteTitle "CM"]
[BlackTitle "CM"]
[WhiteElo "2214"]
[BlackElo "2260"]
[WhiteFideId "651081709"]
[BlackFideId "11609710"]
[EventDate "2025.08.26"]

1. Nf3 Nf6 2. e3 g6 3. b3 Bg7 4. Bb2 O-O 5. c4 c5 6. Nc3 d5 7. d4 cxd4 8. exd4
Nc6 9. Be2 Bg4 10. h3 Bxf3 11. Bxf3 dxc4 12. Bxc6 bxc6 13. bxc4 Rb8 14. Qd2 c5
15. O-O-O cxd4 16. Qxd4 Qa5 17. Nd5 Nh5 18. Nxe7+ Kh8 19. Nc6 Qxa2 20. Nxb8 Bxd4
21. Rxd4 Kg8 22. Nd7 Rc8 23. c5 Qe6 24. Rhd1 Nf6 25. Rd6 Qc4+ 26. Kb1 Nxd7 27.
Rxd7 Kf8 28. Rxa7 Qe4+ 29. Ka1 Ra8 30. Rxa8+ Qxa8+ 31. Kb1 Qe4+ 32. Ka1 Qa4+ 33.
Kb1 Qxd1+ 34. Ka2 Qa4+ 35. Kb1 Ke8 0-1

[Event "Titled Tue 26th Aug Late"]
[Site "chess.com INT"]
[Date "2025.08.26"]
[Round "3"]
[White "Drygalov, Andrey"]
[Black "Kleimenov, Nikolay"]
[Result "1-0"]
[WhiteTitle "GM"]
[BlackTitle "CM"]
[WhiteElo "2431"]
[BlackElo "2244"]
[WhiteFideId "24171735"]
[BlackFideId "34414223"]
[EventDate "2025.08.26"]

1. e4 c5 2. Nf3 d6 3. Bb5+ Nd7 4. Ba4 Nf6 5. O-O g6 6. Re1 Bg7 7. c3 O-O 8. d4
a6 9. e5 dxe5 10. dxe5 Ng4 11. Bf4 b5 12. Bc2 Bb7 13. Nbd2 Qc7 14. Qe2 Rad8 15.
Rad1 h5 16. h3 Nh6 17. Qe3 Nf5 18. Bxf5 gxf5 19. e6 1-0

[Event "Titled Tue 26th Aug Late"]
[Site "chess.com INT"]
[Date "2025.08.26"]
[Round "3"]
[White "Khadour, Ismael"]
[Black "Becking, Stephan"]
[Result "0-1"]
[WhiteTitle "FM"]
[BlackTitle "IM"]
[WhiteElo "1992"]
[BlackElo "2410"]
[WhiteFideId "7601930"]
[BlackFideId "4632478"]
[EventDate "2025.08.26"]

1. e4 e6 2. d4 d5 3. Nc3 Nf6 4. e5 Nfd7 5. Nf3 c5 6. dxc5 Nc6 7. Bf4 Bxc5 8. Bb5
Qb6 9. O-O a6 10. Bxc6 Qxc6 11. Qe2 b5 12. a3 Bb7 13. Rad1 d4 14. Na2 g5 15.
Bxg5 Rg8 16. Nb4 Bxb4 17. axb4 h6 18. Rxd4 Rxg5 19. Rfd1 Qxf3 20. Qxf3 Bxf3 21.
Rxd7 Bxd1 22. Rxd1 Rd8 0-1

[Event "Titled Tue 26th Aug Late"]
[Site "chess.com INT"]
[Date "2025.08.26"]
[Round "3"]
[White "Kalogridis, Themistoklis"]
[Black "Matlak, Oleksandr"]
[Result "0-1"]
[WhiteTitle "FM"]
[WhiteElo "2295"]
[BlackElo "2235"]
[WhiteFideId "25841475"]
[BlackFideId "148061879"]
[EventDate "2025.08.26"]

1. e4 c5 2. Nf3 d6 3. d4 cxd4 4. Nxd4 Nf6 5. Nc3 a6 6. Bg5 e6 7. f4 Nbd7 8. Qf3
Qc7 9. O-O-O b5 10. e5 Bb7 11. Nxe6 fxe6 12. Qh3 dxe5 13. Qxe6+ Be7 14. Bxb5
axb5 15. Nxb5 Qc6 16. Nd6+ Kd8 17. Bxf6 gxf6 18. Nxb7+ Qxb7 19. Rxd7+ Qxd7 20.
Rd1 Ra7 21. a4 Qxd1+ 22. Kxd1 Rd7+ 23. Ke2 exf4 24. a5 Re8 25. Qb6+ Rc7 26. Kf3
Bc5 27. Qb8+ Kd7 28. Qb5+ Ke7 29. b4 Be3 30. c4 Rd8 31. c5 Rd2 32. a6 f5 33. Qf1
Rf2+ 34. Qxf2 Bxf2 35. Kxf2 Kd7 36. b5 Rxc5 37. b6 Kc6 38. b7 Kc7 0-1

[Event "Titled Tue 26th Aug Late"]
[Site "chess.com INT"]
[Date "2025.08.26"]
[Round "3"]
[White "Ibarra Jerez, Jose Carlos"]
[Black "Gustafsson, Jan"]
[Result "1-0"]
[WhiteTitle "GM"]
[BlackTitle "GM"]
[WhiteElo "2545"]
[BlackElo "2591"]
[WhiteFideId "2226332"]
[BlackFideId "4625498"]
[EventDate "2025.08.26"]

1. e4 e5 2. Nf3 Nc6 3. Nc3 Nf6 4. Nd5 Bd6 5. Bc4 Nxd5 6. Bxd5 O-O 7. d3 Ne7 8.
Bb3 Ng6 9. h4 h6 10. h5 Nf4 11. Bxf4 exf4 12. e5 Be7 13. Qd2 d6 14. Qxf4 dxe5
15. Nxe5 Bf6 16. d4 c5 17. c3 cxd4 18. cxd4 Qa5+ 19. Kf1 Be6 20. Bxe6 fxe6 21.
Qe4 Qb5+ 22. Qe2 Qb6 23. Nd7 Qxd4 24. Rd1 Qxb2 25. Qxb2 Bxb2 26. Nxf8 Rxf8 27.
Rh3 e5 28. Rd7 Bd4 29. Rf3 Rxf3 30. gxf3 b5 31. f4 a5 32. Rd5 Bc3 33. fxe5 Kf7
34. Rxb5 Ke6 35. Ke2 1-0